000 00281nam a2200109Ia 4500
001 1268573
005 20260417145253.0
008 260417s9999 xx 000 0 und d
020 _a9786256495579
245 0 _aMinik Balığım Fırfır
_cCatherine Rayner
260 _bKetebe Çocuk
999 _c1268573
_d1268573